| 000 | 00554nam a22001577a 4500 | ||
|---|---|---|---|
| 003 | NUST | ||
| 082 | _a621 | ||
| 100 |
_aRiaz ,Namra _9122480 |
||
| 245 |
_aMulti-body Dynamic Modeling of Electric Vehicle with In-wheel Motors for Motion Control Study / _cNamra Riaz |
||
| 264 |
_aIslamabad: _bSMME- NUST. _c2022. |
||
| 300 |
_a63p. ; _bSoft Copy, _c30cm. |
||
| 650 |
_aMS Mechanical Engineering _9119495 |
||
| 700 |
_aSupervisor : Dr Mian Ashfaq Ali _9119639 |
||
| 856 | _uhttp://10.250.8.41:8080/xmlui/handle/123456789/28790 | ||
| 942 |
_2ddc _cTHE |
||
| 999 |
_c608960 _d608960 |
||